01357nam a2200349 a 4500001001200000003000800012006001900020007001500039008004100054010001700095020003100112020002700143040002100170035002100191041001300212050002900225082001200254100001900266240004100285245019400326260004200520300001500562504004100577533015200618650001800770650001100788655002900799700001900828710001700847856012600864999001700990ebr10716101CaPaEBRm o u cr cn|||||||||130211s2013 cou sb 000 0 eng d z 2012051183 z9781934542361 (alk. paper) z9791935790906 (e-book) aCaPaEBRcCaPaEBR a(OCoLC)8499497051 aenghita14aB105.C457bL58136 2013eb04a1102231 aLivi, Antonio.10aFilosofia del senso comune.lEnglish12aA philosophy of common senseh[electronic resource] :bthe modern discovery of the epistemic foundations of science and belief /cAntonio Livi ; translated from the Italian by Peter Waymel. aAurora, Colo. :bDavies Group,c2013. avi, 180 p. aIncludes bibliographical references. aElectronic reproduction.bPalo Alto, Calif. :cebrary,d2013.nAvailable via World Wide Web.nAccess may be limited to ebrary affiliated libraries. 0aCommon sense. 0aLogic. 7aElectronic books.2local1 aWaymel, Peter.2 aebrary, Inc.40uhttp://site.ebrary.com/lib/rucke/Doc?id=10716101zAn electronic book accessible through the World Wide Web; click to view c27852d27852